Remarkable eclipses (Record no. 679)
[ view plain ]
| 000 -LEADER | |
|---|---|
| fixed length control field | 00491nam a2200193Ia 4500 |
| 003 - CONTROL NUMBER IDENTIFIER | |
| control field | IN-BaIIA |
| 008 - FIXED-LENGTH DATA ELEMENTS--GENERAL INFORMATION | |
| fixed length control field | 211028s9999 xx 000 0 eng d |
| 040 ## - CATALOGING SOURCE | |
| Transcribing agency | IIA Library |
| 080 ## - UNIVERSAL DECIMAL CLASSIFICATION NUMBER | |
| Universal Decimal Classification number | 523.947:520.86 |
| Item number | LYN |
| 100 ## - MAIN ENTRY--PERSONAL NAME | |
| Personal name | Lynn, William Thynne |
| 9 (RLIN) | 1470 |
| 245 #0 - TITLE STATEMENT | |
| Title | Remarkable eclipses |
| Statement of responsibility, etc. | William Thynne Lynn |
| 250 ## - EDITION STATEMENT | |
| Edition statement | 3rd ed. |
| 260 ## - PUBLICATION, DISTRIBUTION, ETC. | |
| Place of publication, distribution, etc. | London |
| Name of publisher, distributor, etc. | Edward Stanford |
| Date of publication, distribution, etc. | 1898 |
| 300 ## - PHYSICAL DESCRIPTION | |
| Extent | 52p. |
| 650 ## - SUBJECT ADDED ENTRY--TOPICAL TERM | |
| Topical term or geographic name entry element | Archives |
| 650 ## - SUBJECT ADDED ENTRY--TOPICAL TERM | |
| Topical term or geographic name entry element | Eclipses-Moon |
| 9 (RLIN) | 1447 |
| 650 ## - SUBJECT ADDED ENTRY--TOPICAL TERM | |
| Topical term or geographic name entry element | Eclipses-Sun |
| 942 ## - ADDED ENTRY ELEMENTS (KOHA) | |
| Koha item type | Books |
| Withdrawn status | Lost status | Damaged status | Not for loan | Home library | Current library | Shelving location | Date acquired | Cost, normal purchase price | Total Checkouts | Full call number | Barcode | Date last seen | Cost, replacement price | Price effective from | Koha item type | Purchase Price |
|---|---|---|---|---|---|---|---|---|---|---|---|---|---|---|---|---|
| IIA Library-Bangalore | IIA Library-Kodaikanal | General Stacks | 0.35 | 523.947:520.86/ LYN | 702 | 05/11/2021 | 0.35 | Books | Rs. 0.35 |